000 00330nam a2200133Ia 4500
005 20251222153636.0
008 251222s9999||||xx |||||||||||||| ||spa||
082 _a338.109.85/C557
100 _aChirif, Alberto
245 0 _aPerĂº: El Problema Agrario en Debate SEPIA III
250 _a1ra.ed.
264 _bSepia
942 _cLIB
999 _c32551
_d32551